000 00307nam a22001337a 4500
008 170921b xxu||||| |||| 00| 0 eng d
020 _a9780883633007
041 _aeng
080 _a7
100 _a45
101 _aart
245 _aLAW ATRESURY OF ART AND LITERATURE
_cROBBINS.S
942 _2udc
_cBK
999 _c28652
_d28652